[Event "AUTO-OPEN-1949"]
[Site "http://www.queenalice.com/game.php?id=762723"]
[Date "2010.4.18"]
[Round "1"]
[White "glvoll"]
[Black "jiujitsubr"]
[Result "0-1"]
[WhiteElo "1314"]
[BlackElo "1967"]

1. e4 e5 2. Be2 Nf6 3. Nf3 Nc6 4. O-O Nxe4 5. d3 Nf6 6. d4 exd4 7. Bc4 Bc5 8.
Ng5 O-O 9. Nd2 d5 10. Bd3 h6 11. Nh3 Bxh3 12. gxh3 Ne5 13. f4 Nxd3 14. cxd3 Qd7
15. Qc2 Bb6 16. Nf3 Qxh3 17. Ne5 Nd7 0-1

[Event "AUTO-OPEN-1949"]
[Site "http://www.queenalice.com/game.php?id=762724"]
[Date "2010.4.18"]
[Round "1"]
[White "jiujitsubr"]
[Black "glvoll"]
[Result "1-0"]
[WhiteElo "1969"]
[BlackElo "1312"]

1. e4 Nf6 2. e5 Ne4 3. d4 d6 4. Bd3 d5 5. c4 Be6 6. Nf3 Bg4 7. O-O Qd7 8. h3
Bxf3 9. Qxf3 Nc6 10. Be3 O-O-O 11. cxd5 Qxd5 12. Bxe4 Qc4 13. Nd2 Qa6 14. Qxf7
Nb4 15. a3 Nc6 16. Rac1 e6 17. Bxc6 1-0

[Event "AUTO-OPEN-1949"]
[Site "http://www.queenalice.com/game.php?id=762725"]
[Date "2010.4.18"]
[Round "1"]
[White "glvoll"]
[Black "goldenboy"]
[Result "0-1"]
[WhiteElo "1308"]
[BlackElo "2036"]

1. e4 e5 2. Be2 Nf6 3. Nf3 Nc6 4. Bc4 Bc5 5. Ng5 O-O 6. O-O h6 7. Nh3 Nxe4 8.
Re1 d5 9. Bb3 Bxh3 10. gxh3 Nxf2 11. Qe2 Nxh3+ 12. Kg2 Nf4+ 13. Kf3 Nxe2 14.
Rxe2 Nd4+ 15. Ke3 Nxb3+ 0-1

[Event "AUTO-OPEN-1949"]
[Site "http://www.queenalice.com/game.php?id=762726"]
[Date "2010.4.18"]
[Round "1"]
[White "goldenboy"]
[Black "glvoll"]
[Result "1-0"]
[WhiteElo "2034"]
[BlackElo "1310"]

1. e4 Nf6 2. Nc3 e5 3. Bc4 Bc5 4. Nf3 O-O 5. Nxe5 d6 6. Nf3 Ng4 7. d4 d5 8. Bxd5
Na6 9. dxc5 Nxc5 10. h3 Nf6 11. Bg5 h6 12. Bxf6 Qxf6 13. O-O c6 14. e5 Qg6 15.
Nh4 Qg5 16. Nf3 Qf4 17. Bb3 Bf5 18. Qd4 Qxd4 19. Nxd4 1-0

[Event "BRASIL"]
[Site "http://www.queenalice.com/game.php?id=770530"]
[Date "2010.5.4"]
[Round "-"]
[White "adelio"]
[Black "glvoll"]
[Result "1-0"]
[WhiteElo "1481"]
[BlackElo "1314"]

1. c4 e5 2. e4 Bc5 3. Nf3 Nf6 4. Nc3 O-O 5. d4 Bb6 6. Bd3 exd4 7. Na4 Ba5+ 8.
Bd2 b6 9. Nxd4 c5 10. e5 Ne8 11. Qh5 cxd4 12. Qxh7# 1-0

[Event "Até perder"]
[Site "http://www.queenalice.com/game.php?id=774419"]
[Date "2010.5.12"]
[Round "-"]
[White "glvoll"]
[Black "fabianoo"]
[Result "0-1"]
[WhiteElo "1305"]
[BlackElo "1920"]

1. e3 e5 2. Nf3 Nc6 3. Bd3 d5 4. e4 Nf6 5. c4 dxe4 6. Nxe5 Nxe5 7. Be2 Bc5 8.
O-O Bg4 9. d4 exd3 10. Bxg4 Nfxg4 11. h3 Nxf2 12. Rxf2 Qh4 13. Qf1 Qg3 14. Bf4
Qxf4 15. Nd2 Qxf2+ 16. Qxf2 Bxf2+ 17. Kxf2 O-O-O 18. Re1 Rhe8 19. b4 Nc6 20. b5
Rxe1 21. Kxe1 Re8+ 22. Kd1 Nb4 23. Nb3 Nxa2 24. Kd2 Nb4 25. c5 Re2+ 26. Kc3 Re4
27. Nd2 Rf4 28. g3 Rf2 29. Ne4 Rc2+ 30. Kxb4 d2 31. Nc3 Rxc3 32. Kxc3 d1=Q 33.
c6 bxc6 34. bxc6 a5 35. g4 a4 36. Kb2 Qb3+ 37. Ka1 a3 0-1

[Event "AUTO-OPEN-1993"]
[Site "http://www.queenalice.com/game.php?id=782640"]
[Date "2010.5.29"]
[Round "1"]
[White "brindleleaf"]
[Black "glvoll"]
[Result "1-0"]
[WhiteElo "1987"]
[BlackElo "1303"]

1. d4 Nc6 2. d5 Nb4 3. a3 Na6 4. c4 c5 5. Nc3 e6 6. e4 Nf6 7. e5 Ng8 8. d6 Nh6
9. f4 f6 10. Nf3 g5 11. fxg5 fxg5 12. Nxg5 Bg7 13. Qh5+ Kf8 14. Bd3 Qe8 15. O-O+
Bf6 16. Rxf6+ Nf7 17. Nxf7 Kg7 18. Bh6+ Kg8 19. Qg5# 1-0

[Event "AUTO-OPEN-1993"]
[Site "http://www.queenalice.com/game.php?id=782641"]
[Date "2010.5.29"]
[Round "1"]
[White "glvoll"]
[Black "brindleleaf"]
[Result "0-1"]
[WhiteElo "1340"]
[BlackElo "1925"]

1. e4 g6 2. Bc4 Bg7 3. Qf3 e6 4. Nh3 Nc6 5. O-O Ne5 6. Qc3 Qf6 7. d4 Nxc4 8.
Qxc4 Qxd4 9. Na3 Qxc4 10. Nxc4 b5 11. Na3 b4 12. Nb5 Rb8 13. Nxc7+ Kd8 14. Na6
Bxa6 15. Bg5+ f6 16. Be3 Bxf1 17. Kxf1 Ne7 18. Bxa7 Rb7 19. Bc5 f5 20. Ng5 Ke8
0-1

[Event "AUTO-OPEN-1993"]
[Site "http://www.queenalice.com/game.php?id=782684"]
[Date "2010.5.29"]
[Round "1"]
[White "glvoll"]
[Black "bbking"]
[Result "0-1"]
[WhiteElo "1370"]
[BlackElo "1502"]

1. e4 e5 2. Nf3 Nc6 3. Bc4 Bc5 4. Ng1 Nf6 5. d3 d5 6. Bb5 O-O 7. exd5 Nxd5 8.
Nf3 a6 9. Bc4 b5 10. Be3 Bxe3 11. fxe3 Nxe3 12. Qe2 Nd4 13. Qxe3 Nxc2+ 14. Kd1
Nxe3+ 15. Ke2 Nc2 16. Nxe5 Nxa1 17. Bxf7+ Kh8 18. Rf1 Qg5 19. d4 Bg4+ 20. Nxg4
Qxg4+ 21. Ke1 Nc2+ 22. Kd2 Nxd4 23. Nc3 Qxg2+ 24. Ke1 Nf3+ 25. Rxf3 Qxf3 26. Bd5
Qe3+ 0-1

[Event "AUTO-OPEN-1993"]
[Site "http://www.queenalice.com/game.php?id=782685"]
[Date "2010.5.29"]
[Round "1"]
[White "bbking"]
[Black "glvoll"]
[Result "1-0"]
[WhiteElo "1490"]
[BlackElo "1382"]

1. e4 Nf6 2. e5 Ne4 3. Nc3 Nc5 4. d4 Ne6 5. d5 Nc5 6. Nf3 c6 7. Bc4 b5 8. Bb3 b4
9. Na4 Ne4 10. O-O e6 11. dxc6 Nxc6 12. Nd4 Nxe5 13. Bf4 Bd6 14. Bxe5 Bxe5 15.
c3 Qh4 16. g3 Qh3 17. Re1 f5 18. cxb4 f4 19. Rxe4 fxg3 20. fxg3 Bb7 21. Bxe6
Bxe4 22. Bxh3 Rb8 23. b5 Rf8 24. Nc5 Bd5 25. Nxd7 Bxd4+ 26. Qxd4 Rxb5 27. Nxf8
1-0

[Event "AUTO-BEG-401"]
[Site "http://www.queenalice.com/game.php?id=785968"]
[Date "2010.6.5"]
[Round "1"]
[White "DONANEZ"]
[Black "glvoll"]
[Result "1-0"]
[WhiteElo "1419"]
[BlackElo "1300"]

1. e4 e6 2. d4 d5 3. Nc3 Nf6 4. e5 Ne4 5. Nxe4 dxe4 6. c3 c5 7. Be3 Nc6 8. Bb5
Qb6 9. Bxc6+ bxc6 10. Qd2 Ba6 11. Ne2 cxd4 12. Bxd4 c5 13. Be3 Be7 14. O-O O-O
15. Rfe1 Rad8 16. Qc2 Qb8 17. b3 f5 18. c4 Qxe5 19. Qc3 Qxc3 20. Nxc3 Bb7 21.
Nb5 a6 22. Nc7 1-0

[Event "AUTO-BEG-401"]
[Site "http://www.queenalice.com/game.php?id=785969"]
[Date "2010.6.5"]
[Round "1"]
[White "glvoll"]
[Black "DONANEZ"]
[Result "0-1"]
[WhiteElo "1300"]
[BlackElo "1443"]

1. e4 e5 2. Nf3 Nc6 3. d3 Nf6 4. Be2 d5 5. exd5 Nxd5 6. O-O f6 7. d4 Be6 8. dxe5
fxe5 9. Ng5 Qd7 10. Nxe6 Qxe6 11. Bg4 Qg6 12. Bh5 O-O-O 13. Bxg6 hxg6 14. Qg4+
Kb8 15. Qxg6 Rh6 16. Qe6 Rxe6 17. Nc3 Nxc3 18. bxc3 Na5 19. Bg5 Be7 20. Bxe7
Rxe7 21. Rfe1 Nc4 22. a4 Rd2 23. a5 Rxc2 0-1

[Event "AUTO-INT-1720"]
[Site "http://www.queenalice.com/game.php?id=786146"]
[Date "2010.6.5"]
[Round "1"]
[White "kanibal"]
[Black "glvoll"]
[Result "1-0"]
[WhiteElo "1510"]
[BlackElo "1359"]

1. d4 d6 2. e4 c5 3. d5 e6 4. Bb5+ Bd7 5. Bxd7+ Nxd7 6. Nf3 Ngf6 7. Qd3 Ne5 8.
Nxe5 dxe5 9. O-O exd5 10. exd5 Nxd5 11. Qb5+ Qd7 12. Qb3 Nb4 13. a3 Nd5 14. c4
Nf4 15. Bxf4 exf4 16. Nc3 1-0

[Event "AUTO-INT-1720"]
[Site "http://www.queenalice.com/game.php?id=786147"]
[Date "2010.6.5"]
[Round "1"]
[White "glvoll"]
[Black "kanibal"]
[Result "0-1"]
[WhiteElo "1349"]
[BlackElo "1520"]

1. e4 d5 2. Nc3 d4 3. Nd5 c6 4. Nb4 e5 5. Nf3 Bg4 6. c3 Bxf3 7. Qxf3 Bxb4 8.
cxb4 Nf6 9. Bc4 O-O 10. O-O b5 11. Bb3 a5 12. a4 axb4 13. d3 Qd6 14. Bd1 Nbd7
15. Qg3 bxa4 16. Bxa4 Nc5 0-1

[Event "AUTO-INT-1720"]
[Site "http://www.queenalice.com/game.php?id=786158"]
[Date "2010.6.5"]
[Round "1"]
[White "glvoll"]
[Black "zemorais"]
[Result "0-1"]
[WhiteElo "1301"]
[BlackElo "1764"]

1. e4 e5 2. Bd3 Bc5 3. Qf3 Nf6 4. Bc4 O-O 5. Nh3 d6 6. O-O Bg4 7. Qd3 Qd7 8. c3
Bxh3 9. gxh3 a6 10. b4 Ba7 11. b5 axb5 12. Bxb5 c6 13. Bc4 d5 14. exd5 cxd5 15.
Bb5 Nc6 16. Ba3 Rfe8 17. c4 d4 18. c5 e4 19. Qc4 Qxh3 20. Bxc6 bxc6 21. Qa6 Bxc5
22. Qxc6 Bxa3 23. Nxa3 Rxa3 24. Rac1 Rxa2 25. Rc3 dxc3 26. dxc3 Qg4+ 27. Kh1 Ra3
28. Rg1 Qf3+ 29. Rg2 Ra1# 0-1

[Event "AUTO-INT-1720"]
[Site "http://www.queenalice.com/game.php?id=786159"]
[Date "2010.6.5"]
[Round "1"]
[White "zemorais"]
[Black "glvoll"]
[Result "1-0"]
[WhiteElo "1804"]
[BlackElo "1303"]

1. e4 d5 2. exd5 Qxd5 3. Nc3 Qe5+ 4. Nge2 Bf5 5. d4 Qa5 6. Bd2 Nc6 7. Nb1 Nb4 8.
a3 e6 9. Bxb4 Qb6 10. c3 O-O-O 11. Qb3 Ne7 12. Nd2 Qc6 13. Ng3 Bg6 14. O-O-O Nd5
15. Bxf8 Rhxf8 16. Bb5 Qd6 17. Nge4 Qf4 18. f3 Ne3 19. Rde1 Nxg2 20. Re2 Ne3 21.
Nc5 b6 22. Nd3 e5 23. Nxe5 Bc2 24. Qb4 Nd5 25. Ba6+ Kb8 26. Qc4 Ne3 27. Qc6 Bd1
28. Qb7# 1-0